| 000 | 00825nam a2200229 u 4500 | ||
|---|---|---|---|
| 005 | 20230204063942.0 | ||
| 008 | 090831s2005 mx r 000 0 spa d | ||
| 020 | _a97070907X | ||
| 035 | _aUPN01000172138 | ||
| 049 | _aCG | ||
| 050 | 4 |
_aGE90 M6 _aE3.9 |
|
| 245 | 0 | 0 |
_aEducación ecológica : _breflexión y praxis en torno a la sequía en Chihuahua / _ccoord. Sara S. García. |
| 260 |
_aMéxico : _bInstituto de Ecología, _c2005. |
||
| 300 |
_a190 p. : _bil., gráfs col. |
||
| 650 | 2 |
_aEducación ambiental _zMéxico _vPlanes y programas _910740 |
|
| 650 | 4 |
_aECOLOGIA HUMANA - _xESTUDIO Y ENSEÑANZA _917504 |
|
| 650 | 4 |
_aProtección del medio ambiente _96588 |
|
| 650 | 2 |
_aParticipación comunitaria _911832 |
|
| 651 | 4 |
_aALDAMA, CHIHUAHUA (MUNICIPIO) _917964 |
|
| 700 | 1 |
_aGarcía, Sara S., _ecoord. |
|
| 905 | _aLibro | ||
| 999 |
_c144242 _d144242 |
||